EC Harris Research (Record no. 111198)
[ view plain ]
| 000 -LEADER | |
|---|---|
| fixed length control field | 00872cad a22001935a 4500 |
| 001 - CONTROL NUMBER | |
| control field | L151152 |
| 008 - FIXED-LENGTH DATA ELEMENTS--GENERAL INFORMATION | |
| fixed length control field | 101004e2010 xxk 000 0 eng d |
| 035 ## - SYSTEM CONTROL NUMBER | |
| System control number | (Sirsi) u151152 |
| 041 0# - LANGUAGE CODE | |
| Language code of text/sound track or separate title | eng |
| 110 2# - MAIN ENTRY--CORPORATE NAME | |
| Corporate name or jurisdiction name as entry element | EC Harris Research |
| 245 00 - TITLE STATEMENT | |
| Title | EC Harris Research |
| Remainder of title | market insight UAE, Spring 2010 |
| Medium | [electronic resource] |
| 260 ## - PUBLICATION, DISTRIBUTION, ETC. | |
| Place of publication, distribution, etc. | [S.l.] |
| Name of publisher, distributor, etc. | ECHarris |
| Date of publication, distribution, etc. | 2010 |
| 520 ## - SUMMARY, ETC. | |
| Summary, etc. | Establishing a sustainable infrastructure legacy for the United Arab Emirates (UAE); the future; residential; corporate real estate; transportation; construction activity and pricing levels; construction cost index; preparing for the future |
| 590 ## - LOCAL NOTE (RLIN) | |
| Local note | KA |
| 651 #4 - SUBJECT ADDED ENTRY--GEOGRAPHIC NAME | |
| Geographic name | United Arab Emirates |
| 690 ## - LOCAL SUBJECT ADDED ENTRY--TOPICAL TERM (OCLC, RLIN) | |
| Topical term or geographic name as entry element | BUILT ENVIRONMENT-CONSTRUCTION MARKET |
| 856 48 - ELECTRONIC LOCATION AND ACCESS | |
| Uniform Resource Identifier | <a href="https://www.echarris.com/pdf/7516_UAE%20Cost%20Bulletin_for%20WEB.pdf">https://www.echarris.com/pdf/7516_UAE%20Cost%20Bulletin_for%20WEB.pdf</a> |
| Public note | View the website free of charge at www.echarris.com |
| 942 ## - ADDED ENTRY ELEMENTS (KOHA) | |
| Suppress in OPAC | 0 |
| Withdrawn status | Lost status | Source of classification or shelving scheme | Damaged status | Not for loan | Home library | Current library | Shelving location | Date acquired | Total Checkouts | Full call number | Barcode | Date last seen | Copy number | Price effective from | Koha item type |
|---|---|---|---|---|---|---|---|---|---|---|---|---|---|---|---|
| Dewey Decimal Classification | Virtual | Virtual | Online | 04/10/2010 | ONLINE PUBLICATION | 151152-2001 | 06/08/2019 | 1 | 06/08/2019 | Book |